Finitné zaistenie ako alternatívna forma zaistenia

Salvato in:
Dettagli Bibliografici
Autore principale: Krátka, Zuzana, 1968-
Natura: Capitolo di libro
Lingua:slovacco
Tags: Aggiungi Tag
Nessun Tag, puoi essere il primo ad aggiungerne!!

MARC

LEADER 00000nla$a2200000$$$4500
001 0061321
005 20240502071703.8
041 0 |a slo 
044 |a SK 
245 1 0 |a Finitné zaistenie ako alternatívna forma zaistenia  |c Zuzana Krátka 
100 1 |a Krátka, Zuzana, 1968-